[Event "Chigorin Memorial 2018"]
[Site "St. Petersburg"]
[Date "2018.10.27"]
[Round "1.68"]
[White "Naboka, Sergey"]
[Black "Pavlov, Mikhail"]
[Result "1/2-1/2"]
[WhiteElo "2345"]
[BlackElo "1894"]
[PlyCount "119"]
[EventDate "2018.10.27"]
[EventType "swiss"]
[EventCountry "RUS"]
[WhiteTeam "Ukraine"]
[BlackTeam "Russland"]
[WhiteTeamCountry "UKR"]
[BlackTeamCountry "RUS"]

1. e4 e6 2. d4 d5 3. Nc3 Nf6 4. e5 Nfd7 5. f4 c5 6. Nf3 Nc6 7. Be3 Qb6 8. Na4 Qa5+ 9. c3 b6 10. Rc1 c4 11. b4 Nxb4 12. cxb4 Bxb4+ 13. Bd2 Bxd2+ 14. Nxd2 b5 15. Nc3 b4 16. Qa4 Qb6 17. Nb5 O-O 18. Nf3 Bb7 19. Nd6 Bc6 20. Qc2 a5 21. f5 a4 22. fxe6 fxe6 23. Ng5 g6 24. Nxe6 b3 25. Qc3 Nxe5 26. Nxf8 Rxf8 27. dxe5 b2 28. Rb1 Qf2+ 29. Kd1 a3 30. Bxc4 Ba4+ 31. Bb3 Bxb3+ 32. Qxb3 Qd4+ 33. Ke1 Qxe5+ 34. Kd2 Qd4+ 35. Ke1 Rf4 36. Qb8+ Kg7 37. Qc7+ Kg8 38. Qc8+ Rf8 39. Qe6+ Kg7 40. Qe7+ Kg8 41. Nb5 Qf4 42. Qe6+ Kg7 43. Nxa3 Qf2+ 44. Kd1 Qd4+ 45. Kc2 Rf2+ 46. Kb3 Qd3+ 47. Kb4 Rf4+ 48. Kc5 Qxa3+ 49. Kxd5 Qa5+ 50. Kc6 Qc3+ 51. Kd6 Rd4+ 52. Qd5 Qb4+ 53. Ke5 Rxd5+ 54. Kxd5 Qa5+ 55. Kc4 Qxa2+ 56. Kc3 Qa3+ 57. Kc2 Qc5+ 58. Kxb2 Qf2+ 59. Kc3 Qxg2 60. h4 1/2-1/2

[Event "Chigorin Memorial 2018"]
[Site "St. Petersburg"]
[Date "2018.10.27"]
[Round "1.69"]
[White "Grishaev, Igor"]
[Black "Sattarov, Bobir"]
[Result "0-1"]
[WhiteElo "1893"]
[BlackElo "2339"]
[PlyCount "66"]
[EventDate "2018.10.27"]
[EventType "swiss"]
[EventCountry "RUS"]
[WhiteTeam "Russland"]
[BlackTeam "Usbekistan"]
[WhiteTeamCountry "RUS"]
[BlackTeamCountry "UZB"]

1. e4 e5 2. Nf3 Nc6 3. d4 exd4 4. Nxd4 Bc5 5. Nxc6 Qf6 6. Qe2 dxc6 7. Nc3 Ne7 8. h4 h6 9. Bg5 hxg5 10. hxg5 Qxc3+ 11. bxc3 Rxh1 12. Qc4 Bb6 13. a4 a5 14. f4 Bg4 15. f5 Kf8 16. Qd3 Nxf5 17. exf5 Re8+ 18. Kd2 Be3+ 19. Qxe3 Rxe3 20. Kxe3 Bxf5 21. Kd2 b6 22. Re1 g6 23. Bd3 Rxe1 24. Kxe1 Bxd3 25. cxd3 b5 26. Kd2 Ke7 27. g4 Ke6 28. d4 Kd5 29. Kd3 bxa4 30. c4+ Kd6 31. Kc3 c5 32. d5 Ke5 33. Kb2 Kd4 0-1

[Event "Chigorin Memorial 2018"]
[Site "St. Petersburg"]
[Date "2018.10.27"]
[Round "1.70"]
[White "Karasev, Vladimir I"]
[Black "Shmoilov, Dmitry"]
[Result "1/2-1/2"]
[WhiteElo "2338"]
[BlackElo "1887"]
[PlyCount "32"]
[EventDate "2018.10.27"]
[EventType "swiss"]
[EventCountry "RUS"]
[WhiteTeam "Russland"]
[BlackTeam "Russland"]
[WhiteTeamCountry "RUS"]
[BlackTeamCountry "RUS"]

1. d4 Nf6 2. Bg5 Ne4 3. Bh4 c5 4. f3 g5 5. fxe4 gxh4 6. e3 Bh6 7. Kf2 O-O 8. Nc3 cxd4 9. exd4 Nc6 10. Nf3 d6 11. Bc4 Bg4 12. Qd3 Nb4 13. Qe2 Nc6 14. Qd3 Nb4 15. Qe2 Nc6 16. Qd3 Nb4 1/2-1/2

[Event "Chigorin Memorial 2018"]
[Site "St. Petersburg"]
[Date "2018.10.27"]
[Round "1.71"]
[White "Kuznetsov, Mikhail"]
[Black "Smirnov, Timofey"]
[Result "0-1"]
[WhiteElo "1882"]
[BlackElo "2332"]
[PlyCount "120"]
[EventDate "2018.10.27"]
[EventType "swiss"]
[EventCountry "RUS"]
[WhiteTeam "Russland"]
[BlackTeam "Russland"]
[WhiteTeamCountry "RUS"]
[BlackTeamCountry "RUS"]

1. Nf3 d5 2. c4 dxc4 3. e3 Nf6 4. Bxc4 e6 5. O-O Be7 6. d4 O-O 7. Nc3 a6 8. Be2 b5 9. Ne5 Bb7 10. Bf3 c6 11. Bd2 Qb6 12. Ne4 a5 13. Rc1 Nfd7 14. Nd3 Na6 15. Qc2 e5 16. Ng3 exd4 17. exd4 g6 18. Bxc6 Rac8 19. d5 Nab8 20. Be3 Qd8 21. Qb3 Nxc6 22. Qxb5 Ndb8 23. Qxb7 Qxd5 24. Qb3 Qxb3 25. axb3 Rfd8 26. Rfd1 Rd5 27. Nf4 Rxd1+ 28. Rxd1 Bf6 29. Nd5 Bxb2 30. Nb6 Rc7 31. Nc4 Bc3 32. Ne4 Bb4 33. Bh6 Be7 34. Bf4 Rb7 35. Ned2 Nd7 36. Be3 f5 37. Kf1 Kf7 38. Ra1 Bb4 39. Nf3 Ke7 40. Bd2 Bxd2 41. Nfxd2 Rb5 42. Re1+ Kf6 43. Re3 Rd5 44. Ke2 Nc5 45. Nxa5 Nxa5 46. b4 Rxd2+ 47. Kxd2 Nc4+ 48. Kc3 Nxe3 49. fxe3 Na4+ 50. Kd4 Ke6 51. g3 Nb6 52. e4 fxe4 53. Kxe4 Nd5 54. b5 Nc3+ 55. Kf4 Kf6 56. h4 Nxb5 57. g4 Nd6 58. Kf3 Ke5 59. Ke3 Ne4 60. Kf3 Nf6 0-1

[Event "Chigorin Memorial 2018"]
[Site "St. Petersburg"]
[Date "2018.10.27"]
[Round "1.72"]
[White "Baltabaev, Temirlan"]
[Black "Dushin, Nikolay"]
[Result "1-0"]
[WhiteElo "2332"]
[BlackElo "1881"]
[PlyCount "120"]
[EventDate "2018.10.27"]
[EventType "swiss"]
[EventCountry "RUS"]
[WhiteTeam "Russland"]
[BlackTeam "Russland"]
[WhiteTeamCountry "RUS"]
[BlackTeamCountry "RUS"]

1. d4 f5 2. c4 Nf6 3. Nc3 e6 4. g3 Be7 5. Bg2 O-O 6. Nf3 Qe8 7. O-O d6 8. Re1 Ne4 9. Qc2 Nxc3 10. Qxc3 Nd7 11. e4 fxe4 12. Rxe4 Nf6 13. Re2 Qh5 14. Bf4 h6 15. Rae1 g5 16. Bc1 Rf7 17. Nd2 Bd7 18. Ne4 Nxe4 19. Bxe4 c6 20. Qd3 Kg7 21. f4 Bf6 22. Rg2 d5 23. Bf3 g4 24. Bd1 Qf5 25. Qe3 dxc4 26. Bc2 Qd5 27. Rd1 Rd8 28. Be4 Qd6 29. Rgd2 h5 30. Qe2 b5 31. h3 gxh3 32. Qxh5 Rh8 33. Qf3 Kf8 34. b3 cxb3 35. Qxb3 a5 36. Kh2 Rg7 37. Qc3 b4 38. Qc5 Qxc5 39. dxc5 Be8 40. Rd6 Re7 41. Bxc6 Bxc6 42. Rxc6 Rh5 43. Be3 Kf7 44. g4 Rd5 45. Rd6 Rxd1 46. Rxd1 Rc7 47. Kxh3 Be7 48. Rc1 a4 49. Rc4 b3 50. axb3 axb3 51. Bd4 Rb7 52. c6 Rc7 53. Rc3 b2 54. Rb3 Rxc6 55. Bxb2 Rc4 56. Be5 Rc1 57. Rb7 Ke8 58. g5 Rg1 59. Kh4 Rh1+ 60. Kg4 Kf8 1-0

[Event "Chigorin Memorial 2018"]
[Site "St. Petersburg"]
[Date "2018.10.27"]
[Round "1.73"]
[White "Ponomarev, Denis"]
[Black "Demianjuk, Alexander"]
[Result "0-1"]
[WhiteElo "1879"]
[BlackElo "2332"]
[PlyCount "48"]
[EventDate "2018.10.27"]
[EventType "swiss"]
[EventCountry "RUS"]
[WhiteTeam "Russland"]
[BlackTeam "Russland"]
[WhiteTeamCountry "RUS"]
[BlackTeamCountry "RUS"]

1. e4 e5 2. Nf3 Nc6 3. Bb5 a6 4. Ba4 d6 5. O-O Bd7 6. Re1 g5 7. d4 g4 8. Bxc6 bxc6 9. Nfd2 exd4 10. Nb3 c5 11. c3 d3 12. Qxd3 Be6 13. c4 Bg7 14. Nc3 Ne7 15. Na5 Ng6 16. f4 gxf3 17. Qxf3 Qh4 18. Qg3 Qxg3 19. hxg3 Be5 20. Nd5 Kd7 21. Bf4 Bxb2 22. Rab1 Nxf4 23. gxf4 Bd4+ 24. Re3 Bxd5 0-1

[Event "Chigorin Memorial 2018"]
[Site "St. Petersburg"]
[Date "2018.10.27"]
[Round "1.74"]
[White "Suleymenov, Alisher"]
[Black "Titievskaya, Elizaveta"]
[Result "1-0"]
[WhiteElo "2331"]
[BlackElo "1878"]
[PlyCount "69"]
[EventDate "2018.10.27"]
[EventType "swiss"]
[EventCountry "RUS"]
[WhiteTeam "Kasachstan"]
[BlackTeam "Russland"]
[WhiteTeamCountry "KAZ"]
[BlackTeamCountry "RUS"]

1. d4 Nf6 2. c4 g6 3. Nc3 d5 4. Nf3 Bg7 5. Bf4 O-O 6. Rc1 dxc4 7. e4 Bg4 8. Bxc4 Nh5 9. Be3 Nc6 10. d5 Bxf3 11. gxf3 Nb8 12. f4 c6 13. e5 Bh6 14. Qf3 Kh8 15. O-O Ng7 16. Rfd1 Qc8 17. Ne4 Nf5 18. d6 e6 19. Qh3 Nd7 20. Ng3 Bg7 21. Nxf5 exf5 22. b4 Qe8 23. b5 c5 24. Bd5 b6 25. Bxa8 Qxa8 26. Qg2 Qd8 27. Kh1 Re8 28. Qd5 Re6 29. a4 Qe8 30. a5 f6 31. axb6 axb6 32. Ra1 Qf7 33. Ra8+ Bf8 34. Ra7 fxe5 35. Qc6 1-0

[Event "Chigorin Memorial 2018"]
[Site "St. Petersburg"]
[Date "2018.10.27"]
[Round "1.75"]
[White "Bunin, Serafim"]
[Black "Yeritsyan, Aram"]
[Result "0-1"]
[WhiteElo "1876"]
[BlackElo "2325"]
[PlyCount "124"]
[EventDate "2018.10.27"]
[EventType "swiss"]
[EventCountry "RUS"]
[WhiteTeam "Russland"]
[BlackTeam "Russland"]
[WhiteTeamCountry "RUS"]
[BlackTeamCountry "RUS"]

1. d4 Nf6 2. Nf3 e6 3. Bf4 c5 4. e3 cxd4 5. exd4 b6 6. c3 Be7 7. Bd3 Ba6 8. Bxb8 Bxd3 9. Qxd3 Qxb8 10. Nbd2 Qb7 11. O-O O-O 12. Rfe1 h6 13. Ne5 d6 14. Qf3 Qxf3 15. Nexf3 Rfc8 16. a4 a6 17. Ne4 Nd5 18. g3 f5 19. Ned2 Kf7 20. Re2 Bf8 21. Ne1 g5 22. Nd3 b5 23. axb5 axb5 24. Ree1 Bg7 25. Nb3 Ra4 26. Rac1 h5 27. f3 g4 28. f4 h4 29. Re2 Nf6 30. Rce1 Ne4 31. Rxe4 fxe4 32. Rxe4 Kf6 33. Kg2 Kf5 34. Re2 Bf6 35. Nd2 b4 36. Ne4 h3+ 37. Kf2 Be7 38. cxb4 Ra1 39. Ne1 Rcc1 40. Nd2 Ra2 41. Nf1 Bf6 42. Ne3+ Kg6 43. Nxg4 Bxd4+ 44. Kf3 Rxb2 45. Rxb2 Bxb2 46. Nd3 Rc2 47. Ngf2 Bd4 48. Nxh3 Rxh2 49. Ng5 Kf6 50. Ne4+ Ke7 51. g4 d5 52. Nef2 Kf6 53. Kg3 Rh8 54. g5+ Kf5 55. Kf3 Rh7 56. Kg3 Rc7 57. Kh4 Bxf2+ 58. Nxf2 Kxf4 59. Kh5 Kf5 60. g6 Rg7 61. Nd3 Rxg6 62. b5 Rg3 0-1

[Event "Chigorin Memorial 2018"]
[Site "St. Petersburg"]
[Date "2018.10.27"]
[Round "1.76"]
[White "Fraiman, Dmitry"]
[Black "Vorobyova, Ekaterina"]
[Result "1/2-1/2"]
[WhiteElo "2323"]
[BlackElo "1874"]
[PlyCount "164"]
[EventDate "2018.10.27"]
[EventType "swiss"]
[EventCountry "RUS"]
[WhiteTeam "Russland"]
[BlackTeam "Russland"]
[WhiteTeamCountry "RUS"]
[BlackTeamCountry "RUS"]

1. e4 e5 2. Nf3 Nc6 3. Nc3 Nf6 4. Be2 Be7 5. d4 d6 6. h3 O-O 7. Be3 a6 8. a4 Re8 9. O-O h6 10. a5 Bf8 11. Qd2 Bd7 12. d5 Ne7 13. Ne1 Ng6 14. Nd3 Nh4 15. f3 Nh5 16. Bf2 Qf6 17. f4 Nxf4 18. Nxf4 exf4 19. Bxh4 Qxh4 20. Qxf4 Qxf4 21. Rxf4 g6 22. Bd3 Bg7 23. Ra3 Rad8 24. Rb3 Bc8 25. Rb4 Re5 26. Rf3 Rde8 27. Rc4 R5e7 28. Rf1 h5 29. Rb4 Be5 30. Rc4 Kg7 31. Rb4 Kh6 32. Rc4 Rg8 33. Nd1 g5 34. c3 g4 35. hxg4 Bxg4 36. Ne3 f6 37. Nxg4+ Rxg4 38. Be2 Rh4 39. Bf3 f5 40. Re1 Bh2+ 41. Kf2 Rg7 42. Ke2 Bg3 43. Rd1 Re7 44. Kd3 fxe4+ 45. Rxe4 Rhxe4 46. Bxe4 Kg5 47. Rf1 Bf4 48. Rf3 Kg4 49. Rf2 Kg5 50. Rf3 Kg4 51. Rf2 Kg5 52. Re2 Rf7 53. Bf3 Be5 54. Re4 Rf4 55. Rxf4 Bxf4 56. Be4 h4 57. Bf3 Be5 58. Ke4 Bf4 59. Kd3 Be5 60. Ke4 Bf4 61. Be2 Be5 62. Bd1 Bf6 63. Ba4 Kg4 64. Bd7+ Kg3 65. Bh3 b6 66. axb6 cxb6 67. Kd3 Be5 68. Ke4 Bf6 69. Kd3 Be5 70. Ke4 Bf6 71. Ke3 Be5 72. Kd3 Bf6 73. Ke2 Be5 74. Kf1 Kf4 75. Ke2 Kg3 76. Kd3 Bf6 77. Kc4 Be5 78. Kb4 Bf6 79. b3 a5+ 80. Kc4 b5+ 81. Kxb5 Bxc3 82. Kc6 Bb4 1/2-1/2

[Event "Chigorin Memorial 2018"]
[Site "St. Petersburg"]
[Date "2018.10.27"]
[Round "1.77"]
[White "Gutsulyak, Nikolay"]
[Black "Konaplev, Anton"]
[Result "0-1"]
[WhiteElo "1861"]
[BlackElo "2320"]
[PlyCount "96"]
[EventDate "2018.10.27"]
[EventType "swiss"]
[EventCountry "RUS"]
[WhiteTeam "Russland"]
[BlackTeam "Russland"]
[WhiteTeamCountry "RUS"]
[BlackTeamCountry "RUS"]

1. e4 e6 2. Nc3 d5 3. Nf3 Nf6 4. e5 Nfd7 5. d4 c5 6. Bg5 Qb6 7. dxc5 Nxc5 8. Be3 a6 9. a3 Qc7 10. Bf4 Nc6 11. Bg3 Qb6 12. Rb1 Be7 13. Bd3 Bd7 14. O-O g5 15. Re1 h5 16. h4 gxh4 17. Bxh4 Bxh4 18. Nxh4 Nxd3 19. Qxd3 O-O-O 20. b4 Qd4 21. Nf3 Qxd3 22. cxd3 Ne7 23. b5 a5 24. b6 Kb8 25. Nb5 Bxb5 26. Rxb5 Nc6 27. Kh2 Rhg8 28. Nd2 Rg4 29. Nb3 Rdg8 30. g3 h4 31. Re3 hxg3+ 32. fxg3 Ra4 33. Nc5 Rxa3 34. Nd7+ Kc8 35. Nf6 Rh8+ 36. Kg2 Ra2+ 37. Kg1 Kd8 38. Ng4 Ra1+ 39. Kg2 Rhh1 40. Rb2 Ke7 41. Nf2 Rhg1+ 42. Kh2 Rgb1 43. Ree2 Rxb2 44. Rxb2 Nxe5 45. Kg2 Nc6 46. Kf3 a4 47. Ng4 a3 48. Rc2 Nd4+ 0-1

[Event "Chigorin Memorial 2018"]
[Site "St. Petersburg"]
[Date "2018.10.27"]
[Round "1.78"]
[White "Chashchev, Sergey"]
[Black "Khodko, Yurii N."]
[Result "0-1"]
[WhiteElo "2313"]
[BlackElo "1858"]
[PlyCount "90"]
[EventDate "2018.10.27"]
[EventType "swiss"]
[EventCountry "RUS"]
[WhiteTeam "Russland"]
[BlackTeam "Russland"]
[WhiteTeamCountry "RUS"]
[BlackTeamCountry "RUS"]

1. Nf3 Nf6 2. c4 g6 3. Nc3 d5 4. cxd5 Nxd5 5. g3 Bg7 6. Bg2 O-O 7. Qb3 Nb6 8. O-O Nc6 9. d3 Bg4 10. Be3 Qc8 11. a4 Be6 12. Qa3 a5 13. Rac1 Nd5 14. Bd2 h6 15. Nb5 Qd7 16. e4 Ndb4 17. Rfd1 Rfc8 18. Bc3 Na2 19. Rc2 Nxc3 20. bxc3 Na7 21. Nxa7 Rxa7 22. d4 Bg4 23. Rb1 Bxf3 24. Bxf3 e5 25. Rd1 exd4 26. cxd4 Bxd4 27. Kg2 c5 28. Qb3 Rc6 29. e5 Rc7 30. h4 h5 31. Be4 Kg7 32. f4 b6 33. Qxb6 Qxa4 34. Rb1 Bxe5 35. Kf3 Bd4 36. Re2 Re7 37. f5 Qa3+ 38. Kg2 Rab7 39. Qxb7 Rxb7 40. Rxb7 gxf5 41. Bd5 Bf6 42. Bxf7 Qc3 43. Bxh5+ Kh6 44. Be8 Qd3 45. Kf1 Qf3+ 0-1

[Event "Chigorin Memorial 2018"]
[Site "St. Petersburg"]
[Date "2018.10.27"]
[Round "1.79"]
[White "Kombar, Mariya"]
[Black "Tahay, Alexis"]
[Result "0-1"]
[WhiteElo "1851"]
[BlackElo "2312"]
[PlyCount "56"]
[EventDate "2018.10.27"]
[EventType "swiss"]
[EventCountry "RUS"]
[WhiteTeam "Russland"]
[BlackTeam "Frankreich"]
[WhiteTeamCountry "RUS"]
[BlackTeamCountry "FRA"]

1. e4 c5 2. Nf3 d6 3. d4 cxd4 4. Nxd4 Nf6 5. Nc3 a6 6. f3 e5 7. Nb3 Be6 8. Be3 h5 9. Qd2 Nbd7 10. O-O-O Rc8 11. Kb1 b5 12. Be2 Nb6 13. g3 Nc4 14. Bxc4 bxc4 15. Nc1 Rb8 16. Ka1 Be7 17. N1e2 Qc7 18. Rhg1 O-O 19. a3 Rfd8 20. Rb1 d5 21. exd5 Nxd5 22. Nxd5 Rxd5 23. Qc1 Qa5 24. Ka2 c3 25. Ka1 cxb2+ 26. Rxb2 Qxa3+ 27. Ra2 Qxa2+ 28. Kxa2 Ra5# 0-1

[Event "Chigorin Memorial 2018"]
[Site "St. Petersburg"]
[Date "2018.10.27"]
[Round "1.80"]
[White "Gogin, Maksim"]
[Black "Zolotyh, Lev"]
[Result "1/2-1/2"]
[WhiteElo "2310"]
[BlackElo "1849"]
[PlyCount "82"]
[EventDate "2018.10.27"]
[EventType "swiss"]
[EventCountry "RUS"]
[WhiteTeam "Russland"]
[BlackTeam "Russland"]
[WhiteTeamCountry "RUS"]
[BlackTeamCountry "RUS"]

1. d4 d5 2. Nf3 Nf6 3. c4 c6 4. Qb3 Qb6 5. Nc3 Bf5 6. c5 Qc7 7. Bf4 Qc8 8. Rc1 Nbd7 9. h3 e6 10. e3 h6 11. Qa4 Be7 12. b4 a6 13. Qb3 Ne4 14. Be2 Bd8 15. O-O Bc7 16. Bxc7 Qxc7 17. a4 O-O 18. b5 Rfc8 19. Nxe4 Bxe4 20. Nd2 Bg6 21. f4 Nf6 22. Bd3 Bxd3 23. Qxd3 axb5 24. axb5 Ra2 25. b6 Qe7 26. Ra1 Rca8 27. Qc3 Qd8 28. Rxa2 Rxa2 29. Ra1 Qa8 30. Nb3 Ne4 31. Qe1 Rxa1 32. Qxa1 Qxa1+ 33. Nxa1 Nd2 34. Nc2 Nc4 35. Nb4 Na5 36. g4 Kf8 37. Kf2 Ke7 38. h4 Kd7 39. Kf3 Nc4 40. Ke2 f5 41. gxf5 exf5 1/2-1/2

[Event "Chigorin Memorial 2018"]
[Site "St. Petersburg"]
[Date "2018.10.27"]
[Round "1.81"]
[White "Saveljev, Ivan"]
[Black "Oglaza, Oskar"]
[Result "1/2-1/2"]
[WhiteElo "1841"]
[BlackElo "2310"]
[PlyCount "55"]
[EventDate "2018.10.27"]
[EventType "swiss"]
[EventCountry "RUS"]
[WhiteTeam "Russland"]
[BlackTeam "Polen"]
[WhiteTeamCountry "RUS"]
[BlackTeamCountry "POL"]

1. e4 c5 2. Nf3 d6 3. Bb5+ Nc6 4. O-O Bd7 5. Re1 Nf6 6. Nc3 e6 7. d4 cxd4 8. Nxd4 Be7 9. Be3 O-O 10. Nb3 Qc7 11. f4 Rfd8 12. a3 Na5 13. Bxd7 Nxb3 14. cxb3 Qxd7 15. Qf3 b6 16. Rad1 Qb7 17. f5 exf5 18. Qxf5 Re8 19. Bd4 Rad8 20. Qg5 h6 21. Qg3 Nh5 22. Qf3 Nf6 23. Qg3 Nh5 24. Qf3 Nf6 25. Qg3 Nh5 26. Qf3 Nf6 27. Qg3 Nh5 28. Qf3 1/2-1/2

[Event "Chigorin Memorial 2018"]
[Site "St. Petersburg"]
[Date "2018.10.27"]
[Round "1.82"]
[White "Borisovsky, Dmitry"]
[Black "Klevets, Ksenia"]
[Result "1-0"]
[WhiteElo "2304"]
[BlackElo "1834"]
[PlyCount "73"]
[EventDate "2018.10.27"]
[EventType "swiss"]
[EventCountry "RUS"]
[WhiteTeam "Russland"]
[BlackTeam "Russland"]
[WhiteTeamCountry "RUS"]
[BlackTeamCountry "RUS"]

1. e4 c5 2. Nf3 Nc6 3. d4 cxd4 4. Nxd4 g6 5. Nc3 Bg7 6. Be3 Nf6 7. Bc4 Na5 8. Be2 d6 9. f3 O-O 10. Qd2 Bd7 11. g4 Rc8 12. O-O-O Nc4 13. Bxc4 Rxc4 14. Kb1 b5 15. b3 Rc8 16. Ndxb5 a6 17. Nd4 Qc7 18. Nde2 a5 19. g5 Nh5 20. Nd5 Qd8 21. Bb6 Qe8 22. Nc7 Rxc7 23. Bxc7 a4 24. Bb6 axb3 25. cxb3 Qa8 26. Bd4 Qa6 27. Bxg7 Nxg7 28. Nc3 Be6 29. Rc1 Ra8 30. Nd5 Bxd5 31. exd5 Nf5 32. Rc6 Qa5 33. Rc8+ Kg7 34. Qb2+ f6 35. gxf6+ exf6 36. Rxa8 Qxa8 37. Qd2 1-0

[Event "Chigorin Memorial 2018"]
[Site "St. Petersburg"]
[Date "2018.10.27"]
[Round "1.83"]
[White "Bulsoev, Alexander"]
[Black "Gomes, Mary Ann"]
[Result "0-1"]
[WhiteElo "1828"]
[BlackElo "2302"]
[PlyCount "106"]
[EventDate "2018.10.27"]
[EventType "swiss"]
[EventCountry "RUS"]
[WhiteTeam "Russland"]
[BlackTeam "Indien"]
[WhiteTeamCountry "RUS"]
[BlackTeamCountry "IND"]

1. e4 e6 2. d4 d5 3. Nc3 Nf6 4. e5 Nfd7 5. f4 c5 6. Nf3 Nc6 7. Be3 Be7 8. Qd2 a6 9. Be2 b5 10. O-O O-O 11. h3 Qb6 12. Rad1 cxd4 13. Bxd4 Nxd4 14. Nxd4 Bc5 15. Kh2 Bb7 16. Bf3 Bxd4 17. Qxd4 Rac8 18. Qd2 Qc7 19. a3 Nb6 20. Qd4 Qc5 21. Be2 Qxd4 22. Rxd4 Rc5 23. Rfd1 Rfc8 24. R1d2 Kf8 25. g4 Ke7 26. Kg3 R8c7 27. Kf2 Nd7 28. Bd1 g5 29. Ke3 gxf4+ 30. Kxf4 Nxe5 31. Kxe5 f6+ 32. Kf4 e5+ 33. Ke3 exd4+ 34. Rxd4 Kf7 35. Bf3 Rxc3+ 36. bxc3 Rxc3+ 37. Kf4 Rxa3 38. Bxd5+ Bxd5 39. Rxd5 Rxh3 40. Rd6 Rc3 41. Rxa6 Rxc2 42. Rb6 Rc4+ 43. Kf5 Rc5+ 44. Kf4 Kg6 45. Rb8 Rc4+ 46. Kg3 b4 47. Rb5 Rc3+ 48. Kh4 b3 49. Rb7 Rd3 50. Rb6 Kf7 51. Rb7+ Ke6 52. Rxh7 Rd7 53. Rh8 Rb7 0-1

[Event "Chigorin Memorial 2018"]
[Site "St. Petersburg"]
[Date "2018.10.27"]
[Round "1.84"]
[White "Abbasov, Vusal"]
[Black "Pankova, Julia"]
[Result "0-1"]
[WhiteElo "2302"]
[BlackElo "1826"]
[PlyCount "56"]
[EventDate "2018.10.27"]
[EventType "swiss"]
[EventCountry "RUS"]
[WhiteTeam "Aserbeidschan"]
[BlackTeam "Russland"]
[WhiteTeamCountry "AZE"]
[BlackTeamCountry "RUS"]

1. e4 c5 2. Nf3 Nc6 3. d4 cxd4 4. Nxd4 g6 5. Nc3 Bg7 6. Be3 Nf6 7. Bc4 O-O 8. f3 Qb6 9. Bb3 Nxe4 10. Nd5 Qa5+ 11. c3 Nf6 12. Nxc6 dxc6 13. Nxe7+ Kh8 14. Nxc8 Raxc8 15. O-O Rcd8 16. Qc2 Nd5 17. Bf2 Nf4 18. Rad1 Rfe8 19. Bc4 Qg5 20. Bxa7 b5 21. Bd3 Rxd3 22. Rxd3 Re2 23. Qxe2 Nxe2+ 24. Kh1 Be5 25. g3 Bxg3 26. hxg3 Qxg3 27. Rd8+ Kg7 28. Bd4+ Kh6 0-1

[Event "Chigorin Memorial 2018"]
[Site "St. Petersburg"]
[Date "2018.10.27"]
[Round "1.85"]
[White "Shakirov, Marat"]
[Black "Khakimov, Timur"]
[Result "1/2-1/2"]
[WhiteElo "1821"]
[BlackElo "2288"]
[PlyCount "94"]
[EventDate "2018.10.27"]
[EventType "swiss"]
[EventCountry "RUS"]
[WhiteTeam "Russland"]
[BlackTeam "Russland"]
[WhiteTeamCountry "RUS"]
[BlackTeamCountry "RUS"]

1. d4 d5 2. c4 e6 3. Nc3 c5 4. cxd5 exd5 5. Nf3 Nc6 6. e3 Nf6 7. Be2 Bd6 8. O-O O-O 9. a3 Bg4 10. dxc5 Bxc5 11. b4 Bb6 12. Bb2 Re8 13. Rc1 Qd6 14. Nb5 Qe7 15. Nbd4 Rac8 16. Nxc6 bxc6 17. Nd4 Bd7 18. Nb3 Ne4 19. Bd4 Qh4 20. Bf3 Re6 21. g3 Rg6 22. Kh1 Qe7 23. Nc5 Bf5 24. Bg2 Bc7 25. Nxe4 dxe4 26. Rc5 Qe6 27. Qc2 Bh3 28. f4 exf3 29. Rxf3 Rh6 30. b5 Bxg2+ 31. Qxg2 Bb6 32. Rxc6 Rxc6 33. bxc6 Qxc6 34. Rf4 Qc1+ 35. Rf1 Qc6 36. Rf4 Rd6 37. Qxc6 Rxc6 38. Bxb6 axb6 39. Rb4 Kf8 40. Kg2 Rc3 41. Rxb6 Rxa3 42. Kf3 g6 43. g4 Ra2 44. h4 Rh2 45. Kg3 Rh1 46. e4 h6 47. e5 Re1 1/2-1/2

[Event "Chigorin Memorial 2018"]
[Site "St. Petersburg"]
[Date "2018.10.27"]
[Round "1.86"]
[White "Isanzhulov, Arystan"]
[Black "Smorodkin, Kirill"]
[Result "1-0"]
[WhiteElo "2284"]
[BlackElo "1819"]
[PlyCount "107"]
[EventDate "2018.10.27"]
[EventType "swiss"]
[EventCountry "RUS"]
[WhiteTeam "Kasachstan"]
[BlackTeam "Russland"]
[WhiteTeamCountry "KAZ"]
[BlackTeamCountry "RUS"]

1. e4 e5 2. Nf3 Nc6 3. Nc3 Nf6 4. g3 d5 5. exd5 Nd4 6. Nxd4 exd4 7. Nb5 Bg4 8. f3 Bf5 9. Nxd4 Qxd5 10. Nxf5 Qxf5 11. Qe2+ Be7 12. Qb5+ Qxb5 13. Bxb5+ c6 14. Bc4 O-O 15. c3 Rfe8 16. Kf2 Rad8 17. Rd1 a6 18. d4 b5 19. Bb3 c5 20. Be3 cxd4 21. Bxd4 Nd7 22. Bd5 Nc5 23. Be3 Na4 24. Rab1 Bc5 25. Bxc5 Nxc5 26. Rd2 g6 27. Rbd1 Kg7 28. a3 Re7 29. Ba2 Rde8 30. c4 Re3 31. cxb5 axb5 32. Bd5 R3e5 33. Bc6 Rc8 34. Bd5 Re7 35. Ba2 Rce8 36. Rc2 Rc7 37. Kf1 Rec8 38. Rdc1 Kf6 39. b4 Na6 40. Rxc7 Rxc7 41. Rxc7 Nxc7 42. Ke2 Ke7 43. Ke3 f6 44. Ke4 Kd6 45. f4 Na8 46. Bg8 h6 47. Bf7 g5 48. Kf5 Ke7 49. Bb3 Nb6 50. Kg6 gxf4 51. gxf4 Nc8 52. Kxh6 Nd6 53. Kg6 Nc4 54. h4 1-0

[Event "Chigorin Memorial 2018"]
[Site "St. Petersburg"]
[Date "2018.10.27"]
[Round "1.87"]
[White "Dmitriev, Leonid"]
[Black "Kiselev, Pavel"]
[Result "1-0"]
[WhiteElo "1818"]
[BlackElo "2278"]
[PlyCount "69"]
[EventDate "2018.10.27"]
[EventType "swiss"]
[EventCountry "RUS"]
[WhiteTeam "Russland"]
[BlackTeam "Russland"]
[WhiteTeamCountry "RUS"]
[BlackTeamCountry "RUS"]

1. d4 Nf6 2. c4 e6 3. Nf3 c5 4. d5 b5 5. b3 Bb7 6. dxe6 fxe6 7. Bb2 bxc4 8. bxc4 Qb6 9. Qb3 Nc6 10. Nc3 Be7 11. e3 O-O 12. Be2 Qb4 13. O-O Na5 14. Qxb4 cxb4 15. Nb5 a6 16. Nbd4 Ne4 17. Ne5 Rad8 18. Rac1 Bf6 19. Ng4 Bg5 20. f4 Be7 21. Rfd1 Bc5 22. Ne5 Bb6 23. Nd3 Rc8 24. Nxb4 d6 25. Bg4 e5 26. Be6+ Kh8 27. Bxc8 Rxc8 28. fxe5 dxe5 29. Nd5 Ba7 30. Nf5 Nxc4 31. Nde7 h6 32. Nxc8 Bxc8 33. Rd8+ Kh7 34. Rxc8 Nxb2 35. R1c7 1-0

[Event "Chigorin Memorial 2018"]
[Site "St. Petersburg"]
[Date "2018.10.27"]
[Round "1.88"]
[White "Leontiev, Aleksandr V."]
[Black "Ponomarev, Vsevolod"]
[Result "1-0"]
[WhiteElo "2276"]
[BlackElo "1812"]
[PlyCount "113"]
[EventDate "2018.10.27"]
[EventType "swiss"]
[EventCountry "RUS"]
[WhiteTeam "Russland"]
[BlackTeam "Russland"]
[WhiteTeamCountry "RUS"]
[BlackTeamCountry "RUS"]

1. c4 e6 2. Nf3 d5 3. g3 Nf6 4. Bg2 dxc4 5. Qa4+ c6 6. Qxc4 b5 7. Qc2 Bb7 8. O-O Nbd7 9. d4 c5 10. a4 a6 11. Nc3 Qb6 12. axb5 axb5 13. Rxa8+ Bxa8 14. Qb3 b4 15. Na4 Qb5 16. dxc5 Bd5 17. Qd1 Nxc5 18. Nxc5 Bxc5 19. Nd4 Qa6 20. Bxd5 Nxd5 21. e4 Nf6 22. Be3 Nd7 23. Nc2 Qb5 24. Bxc5 Nxc5 25. Qd4 O-O 26. Nxb4 e5 27. Qc3 Nxe4 28. Qa3 Nd2 29. Rc1 Qe2 30. Nd5 Nf3+ 31. Kg2 Ne1+ 32. Rxe1 Qxe1 33. Ne7+ Kh8 34. Ng6+ hxg6 35. Qxf8+ Kh7 36. Qxf7 e4 37. Qf4 Qb4 38. Qc1 Qb7 39. Kg1 Qb3 40. Qc3 Qd5 41. h4 g5 42. hxg5 Qxg5 43. Qe3 Qd5 44. b4 Kg6 45. Qc5 Qxc5 46. bxc5 Kf5 47. Kf1 Ke5 48. Ke2 Kd5 49. Ke3 Kxc5 50. Kxe4 Kd6 51. Kf5 Ke7 52. Kg6 Kf8 53. g4 Kg8 54. g5 Kh8 55. Kf7 Kh7 56. f4 Kh8 57. f5 1-0